000 00452nam a2200157Ia 4500
008 190805s9999||||xx |||||||||||||| ||und||
020 _a9780141395098
_c£ 12.99
082 0 4 _a320.1
_bH6521
100 1 _aHobbes, Thomas
245 1 0 _aLeviathan /
_cThomas Hobbes
260 _aLondon :
_bPenguin Classics,
_c2017
300 _axliii, 631 p.
_b :
_c; 20 cm.
650 0 _aPolitical science
_vEarly works to 1800
942 _cBK
999 _c351
_d351